[Event "High League 2022 women"]
[Site "Obninsk"]
[Date "2022.07.04"]
[Round "8.22"]
[White "Abakarova, Amina"]
[Black "Pak, Polina"]
[Result "1-0"]
[LiveChessVersion "1.4.7"]
[BlackElo "1677"]
[WhiteElo "1825"]

1. e4 {[%clk 1:30:59]} e5 {[%clk 1:30:56]} 2. Nf3 {[%clk 1:31:25]} Nc6
{[%clk 1:31:20]} 3. d4 {[%clk 1:31:52]} exd4 {[%clk 1:31:33]} 4. Nxd4
{[%clk 1:32:21]} Bc5 {[%clk 1:31:21]} 5. Be3 {[%clk 1:32:44]} Qf6
{[%clk 1:31:12]} 6. c3 {[%clk 1:33:06]} Nge7 {[%clk 1:30:41]} 7. Bb5
{[%clk 1:33:15]} Bb6 {[%clk 1:12:51]} 8. O-O {[%clk 1:32:45]} O-O
{[%clk 1:12:50]} 9. Na3 {[%clk 1:33:00]} d6 {[%clk 1:11:57]} 10. Nc4
{[%clk 1:31:16]} Qg6 {[%clk 1:09:58]} 11. Nxc6 {[%clk 1:24:55]} bxc6
{[%clk 1:10:02]} 12. Nxb6 {[%clk 1:24:37]} cxb6 {[%clk 1:09:46]} 13. Bd3
{[%clk 1:24:47]} f5 {[%clk 0:58:33]} 14. f3 {[%clk 1:17:23]} Be6 {[%clk 0:41:43]}
15. a4 {[%clk 1:11:05]} h5 {[%clk 0:28:58]} 16. a5 {[%clk 1:09:02]} b5
{[%clk 0:29:03]} 17. Bc2 {[%clk 1:06:04]} Rfd8 {[%clk 0:21:35]} 18. Bf2
{[%clk 1:02:14]} fxe4 {[%clk 0:18:59]} 19. Bxe4 {[%clk 1:00:21]} Bf5
{[%clk 0:18:05]} 20. Bh4 {[%clk 0:57:09]} Bxe4 {[%clk 0:17:50]} 21. fxe4
{[%clk 0:53:11]} Re8 {[%clk 0:15:14]} 22. Qb3+ {[%clk 0:50:52]} Kh8
{[%clk 0:13:19]} 23. Rae1 {[%clk 0:46:56]} Qg4 {[%clk 0:11:46]} 24. Bg3
{[%clk 0:43:17]} Ng6 {[%clk 0:08:13]} 25. Bxd6 {[%clk 0:39:46]} Nh4
{[%clk 0:03:26]} 26. Bg3 {[%clk 0:37:19]} Rxe4 {[%clk 0:03:01]} 27. Rxe4
{[%clk 0:34:02]} Qxe4 {[%clk 0:03:24]} 28. Bxh4 {[%clk 0:34:20]} Qxh4
{[%clk 0:03:46]} 29. Qe6 {[%clk 0:34:08]} Rd8 {[%clk 0:02:44]} 30. Qxc6
{[%clk 0:32:12]} b4 {[%clk 0:02:21]} 31. Qc5 {[%clk 0:29:40]} bxc3
{[%clk 0:02:16]} 32. bxc3 {[%clk 0:29:58]} a6 {[%clk 0:01:03]} 33. Qb6
{[%clk 0:27:07]} Qg5 {[%clk 0:01:13]} 34. h3 {[%clk 0:21:14]} h4 {[%clk 0:01:07]}
35. c4 {[%clk 0:19:35]} Rc8 {[%clk 0:00:44]} 36. Qxa6 {[%clk 0:18:59]} Qc5+
{[%clk 0:00:40]} 37. Kh1 {[%clk 0:19:06]} Rc6 {[%clk 0:00:33]} 38. Qa8+
{[%clk 0:12:14]} Kh7 {[%clk 0:00:55]} 39. Rf4 {[%clk 0:08:59]} Rh6
{[%clk 0:00:36]} 40. Qe4+ {[%clk 0:39:11]} 1-0

[Event "High League 2022 women"]
[Site "Obninsk"]
[Date "2022.07.05"]
[Round "9.2"]
[White "Goltseva, Ekaterina"]
[Black "Garifullina, Leya"]
[Result "1/2-1/2"]
[LiveChessVersion "1.4.7"]
[BlackElo "2398"]
[WhiteElo "2284"]

1. d4 {[%clk 1:30:56]} Nf6 {[%clk 1:30:47]} 2. c4 {[%clk 1:31:22]} e6
{[%clk 1:31:04]} 3. Nc3 {[%clk 1:31:29]} Bb4 {[%clk 1:30:59]} 4. e3
{[%clk 1:31:41]} O-O {[%clk 1:31:17]} 5. Bd3 {[%clk 1:32:00]} d5 {[%clk 1:31:28]}
6. Nf3 {[%clk 1:32:14]} dxc4 {[%clk 1:31:43]} 7. Bxc4 {[%clk 1:32:40]} c5
{[%clk 1:31:56]} 8. O-O {[%clk 1:32:47]} Nc6 {[%clk 1:31:35]} 9. dxc5
{[%clk 1:23:09]} Bxc5 {[%clk 1:29:16]} 10. Qxd8 {[%clk 1:20:35]} Rxd8
{[%clk 1:29:30]} 11. a3 {[%clk 1:20:26]} Bd7 {[%clk 1:26:23]} 12. b4
{[%clk 1:18:45]} Be7 {[%clk 1:26:08]} 13. Bb2 {[%clk 1:18:19]} a5
{[%clk 1:25:17]} 14. b5 {[%clk 1:11:42]} Na7 {[%clk 1:25:31]} 15. Be2
{[%clk 1:03:02]} Nc8 {[%clk 1:23:26]} 16. Ne5 {[%clk 0:59:16]} a4
{[%clk 1:18:29]} 17. Rfd1 {[%clk 0:43:47]} Nb6 {[%clk 1:15:05]} 18. Bf3
{[%clk 0:42:06]} Rdb8 {[%clk 1:10:22]} 19. Nxd7 {[%clk 0:34:22]} Nfxd7
{[%clk 1:09:15]} 20. Ne4 {[%clk 0:34:38]} Ra5 {[%clk 0:57:34]} 21. Be2
{[%clk 0:34:12]} Rc8 {[%clk 0:57:00]} 22. Rac1 {[%clk 0:31:23]} Raa8
{[%clk 0:56:30]} 23. h3 {[%clk 0:26:29]} Nd5 {[%clk 0:52:36]} 24. Bf3
{[%clk 0:21:34]} N7b6 {[%clk 0:52:24]} 25. Nd2 {[%clk 0:20:42]} h6
{[%clk 0:49:32]} 26. g3 {[%clk 0:18:24]} Kf8 {[%clk 0:47:47]} 27. Bg2
{[%clk 0:17:41]} Rab8 {[%clk 0:42:12]} 28. Bf1 {[%clk 0:16:59]} Bf6
{[%clk 0:37:17]} 29. Bxf6 {[%clk 0:15:54]} Nxf6 {[%clk 0:36:34]} 30. Nb1
{[%clk 0:08:31]} Ke7 {[%clk 0:34:37]} 31. Bd3 {[%clk 0:07:49]} Nfd7
{[%clk 0:32:47]} 32. Kf1 {[%clk 0:06:14]} Nc5 {[%clk 0:32:21]} 33. Ke2
{[%clk 0:06:16]} Nb3 {[%clk 0:30:31]} 34. Rc2 {[%clk 0:05:56]} Rxc2+
{[%clk 0:29:23]} 35. Bxc2 {[%clk 0:06:20]} Rc8 {[%clk 0:29:51]} 36. Be4
{[%clk 0:03:56]} Rc7 {[%clk 0:28:28]} 37. Nd2 {[%clk 0:03:36]} Nc1+
{[%clk 0:27:25]} 38. Kf1 {[%clk 0:02:38]} Na2 {[%clk 0:25:50]} 39. Ra1
{[%clk 0:01:20]} Nc3 {[%clk 0:26:11]} 40. Rc1 {[%clk 0:31:26]} Nbd5
{[%clk 0:52:08]} 41. b6 {[%clk 0:19:01]} Nxb6 {[%clk 0:51:41]} 42. Bxb7
{[%clk 0:19:09]} Kd8 {[%clk 0:51:21]} 43. Bf3 {[%clk 0:17:54]} Nc8
{[%clk 0:48:04]} 44. Ke1 {[%clk 0:14:28]} Nd6 {[%clk 0:48:16]} 45. Nb1
{[%clk 0:13:47]} Nxb1 {[%clk 0:48:20]} 46. Rxb1 {[%clk 0:14:15]} Rc3
{[%clk 0:48:36]} 47. Bd1 {[%clk 0:14:05]} Ne4 {[%clk 0:46:48]} 48. Bxa4
{[%clk 0:12:56]} Rxa3 {[%clk 0:46:19]} 49. Bc6 {[%clk 0:13:16]} Nc5
{[%clk 0:46:31]} 50. Bb5 {[%clk 0:12:44]} Ra2 {[%clk 0:46:38]} 51. Rd1+
{[%clk 0:11:56]} Ke7 {[%clk 0:46:59]} 52. Bc6 {[%clk 0:12:05]} g5
{[%clk 0:46:48]} 53. Kf1 {[%clk 0:12:15]} Kf6 {[%clk 0:46:49]} 54. Kg2
{[%clk 0:12:27]} Rb2 {[%clk 0:46:22]} 55. Rd4 {[%clk 0:11:59]} Na6
{[%clk 0:46:10]} 56. Be4 {[%clk 0:11:11]} Nc5 {[%clk 0:45:08]} 57. Bc6
{[%clk 0:11:32]} Ke5 {[%clk 0:44:30]} 58. h4 {[%clk 0:11:12]} Rc2
{[%clk 0:44:27]} 59. g4 {[%clk 0:10:38]} f5 {[%clk 0:43:34]} 60. gxf5
{[%clk 0:10:46]} exf5 {[%clk 0:43:49]} 61. Ba8 {[%clk 0:10:04]} Ke6
{[%clk 0:42:28]} 62. Rd8 {[%clk 0:09:51]} Nd7 {[%clk 0:41:39]} 63. Bd5+
{[%clk 0:08:19]} Ke7 {[%clk 0:39:49]} 64. Rg8 {[%clk 0:07:59]} Nf6
{[%clk 0:38:59]} 65. Rg7+ {[%clk 0:08:12]} Kd6 {[%clk 0:39:22]} 66. Bf3
{[%clk 0:08:05]} g4 {[%clk 0:38:58]} 67. Bb7 {[%clk 0:07:08]} Rb2
{[%clk 0:36:44]} 68. Kg1 {[%clk 0:06:09]} Rc2 {[%clk 0:35:58]} 69. Rf7
{[%clk 0:04:55]} Ke6 {[%clk 0:36:01]} 70. Rf8 {[%clk 0:04:49]} Ke7
{[%clk 0:34:56]} 71. Rc8 {[%clk 0:04:58]} Rxc8 {[%clk 0:34:16]} 72. Bxc8
{[%clk 0:05:21]} f4 {[%clk 0:34:43]} 73. exf4 {[%clk 0:05:43]} Nd5 74. Bxg4
{[%clk 0:05:33]} 1/2-1/2

[Event "High League 2022 women"]
[Site "Obninsk"]
[Date "2022.07.05"]
[Round "9.3"]
[White "Bivol, Alina"]
[Black "Bodnaruk, Anastasia"]
[Result "1/2-1/2"]
[LiveChessVersion "1.4.7"]
[BlackElo "2390"]
[WhiteElo "2364"]

1. e4 {[%clk 1:29:05]} c5 {[%clk 1:30:47]} 2. c3 {[%clk 1:29:28]} Nf6
{[%clk 1:26:52]} 3. e5 {[%clk 1:29:41]} Nd5 {[%clk 1:27:18]} 4. Nf3
{[%clk 1:29:51]} Nc6 {[%clk 1:27:15]} 5. Bc4 {[%clk 1:30:11]} Nb6
{[%clk 1:27:03]} 6. Bb3 {[%clk 1:30:34]} c4 {[%clk 1:23:34]} 7. Bc2
{[%clk 1:30:58]} d6 {[%clk 1:23:35]} 8. exd6 {[%clk 1:31:20]} Qxd6
{[%clk 1:24:01]} 9. O-O {[%clk 1:31:44]} g6 {[%clk 1:18:33]} 10. b3
{[%clk 1:29:56]} Bg7 {[%clk 1:15:11]} 11. Qe2 {[%clk 1:27:54]} Qe6
{[%clk 1:11:12]} 12. Qxe6 {[%clk 1:22:28]} Bxe6 {[%clk 1:11:33]} 13. Na3
{[%clk 1:22:45]} O-O-O {[%clk 1:05:24]} 14. bxc4 {[%clk 1:20:59]} Nxc4
{[%clk 1:03:15]} 15. d4 {[%clk 1:21:07]} Nxa3 {[%clk 0:44:06]} 16. Bxa3
{[%clk 1:21:32]} Bd5 {[%clk 0:44:26]} 17. Bb3 {[%clk 0:57:19]} Bxf3
{[%clk 0:33:57]} 18. gxf3 {[%clk 0:56:09]} e5 {[%clk 0:34:24]} 19. d5
{[%clk 0:53:15]} Na5 {[%clk 0:34:38]} 20. c4 {[%clk 0:48:28]} e4 {[%clk 0:30:32]}
21. Rad1 {[%clk 0:41:02]} Nxb3 {[%clk 0:26:12]} 22. axb3 {[%clk 0:41:24]} exf3
{[%clk 0:26:41]} 23. Rd3 {[%clk 0:40:23]} Rhe8 {[%clk 0:22:32]} 24. Rxf3
{[%clk 0:40:35]} f5 {[%clk 0:22:58]} 25. Rd1 {[%clk 0:34:26]} Re4
{[%clk 0:20:53]} 26. d6 {[%clk 0:27:53]} Kd7 {[%clk 0:19:47]} 27. Rd5
{[%clk 0:26:05]} b6 {[%clk 0:13:13]} 28. Rh3 {[%clk 0:21:16]} h5 {[%clk 0:10:24]}
29. Rg3 {[%clk 0:21:25]} Rg4 {[%clk 0:10:51]} 30. Rxg4 {[%clk 0:19:55]} hxg4
{[%clk 0:11:18]} 31. Rd3 {[%clk 0:18:18]} Be5 {[%clk 0:07:03]} 32. h3
{[%clk 0:14:08]} gxh3 {[%clk 0:01:50]} 33. Rxh3 {[%clk 0:14:32]} Bxd6
{[%clk 0:02:17]} 34. Rh7+ {[%clk 0:14:34]} Kc6 {[%clk 0:00:40]} 35. Bxd6
{[%clk 0:14:31]} Rxd6 {[%clk 0:00:48]} 36. Rxa7 {[%clk 0:14:57]} Kc5
{[%clk 0:00:40]} 37. Rb7 {[%clk 0:14:38]} Rf6 {[%clk 0:00:35]} 38. Kg2
{[%clk 0:14:29]} g5 {[%clk 0:00:37]} 39. Kf3 {[%clk 0:11:56]} Kb4
{[%clk 0:01:01]} 40. Ke3 {[%clk 0:41:03]} Kc3 {[%clk 0:30:37]} 41. Kf3
{[%clk 0:39:27]} Rc6 {[%clk 0:11:11]} 42. Rb8 {[%clk 0:36:27]} Rd6
{[%clk 0:09:10]} 43. Rb7 {[%clk 0:32:43]} Kb4 {[%clk 0:08:19]} 44. Ke3
{[%clk 0:31:52]} Kc3 {[%clk 0:06:57]} 45. Kf3 {[%clk 0:32:01]} Rc6
{[%clk 0:06:56]} 46. Rb8 {[%clk 0:32:06]} Kxb3 {[%clk 0:06:35]} 47. c5
{[%clk 0:32:25]} Rxc5 {[%clk 0:07:03]} 48. Rxb6+ {[%clk 0:32:49]} Kc3
{[%clk 0:05:05]} 49. Rg6 {[%clk 0:32:14]} g4+ {[%clk 0:05:11]} 50. Kf4
{[%clk 0:31:40]} Kd2 {[%clk 0:05:30]} 51. Re6 {[%clk 0:30:04]} 1/2-1/2

[Event "High League 2022 women"]
[Site "Obninsk"]
[Date "2022.07.05"]
[Round "9.4"]
[White "Voit, Daria"]
[Black "Girya, Olga"]
[Result "1/2-1/2"]
[LiveChessVersion "1.4.7"]
[BlackElo "2407"]
[WhiteElo "2317"]

1. Nf3 {[%clk 1:24:22]} d5 {[%clk 1:30:49]} 2. c4 {[%clk 1:24:44]} e6
{[%clk 1:31:10]} 3. g3 {[%clk 1:25:03]} Nf6 {[%clk 1:31:35]} 4. Bg2
{[%clk 1:25:27]} Be7 {[%clk 1:32:00]} 5. b3 {[%clk 1:25:23]} d4 {[%clk 1:30:31]}
6. Bb2 {[%clk 1:25:13]} c5 {[%clk 1:30:49]} 7. e3 {[%clk 1:25:17]} Nc6
{[%clk 1:30:52]} 8. exd4 {[%clk 1:25:41]} cxd4 {[%clk 1:31:16]} 9. O-O
{[%clk 1:26:05]} O-O {[%clk 1:31:01]} 10. Re1 {[%clk 1:25:52]} Re8
{[%clk 1:26:57]} 11. d3 {[%clk 1:25:56]} a5 {[%clk 1:13:43]} 12. Ne5
{[%clk 1:08:53]} Nxe5 {[%clk 1:12:00]} 13. Rxe5 {[%clk 1:09:18]} Nd7
{[%clk 1:08:02]} 14. Rb5 {[%clk 0:42:10]} Nc5 {[%clk 0:58:26]} 15. Ba3
{[%clk 0:41:55]} Qc7 {[%clk 0:58:34]} 16. Bxc5 {[%clk 0:38:10]} Bxc5
{[%clk 0:59:02]} 17. Qh5 {[%clk 0:38:13]} e5 {[%clk 0:43:25]} 18. Bd5
{[%clk 0:33:25]} g6 {[%clk 0:24:13]} 19. Qf3 {[%clk 0:25:25]} Re7
{[%clk 0:22:46]} 20. Nd2 {[%clk 0:16:16]} Ra7 {[%clk 0:22:33]} 21. h4
{[%clk 0:11:32]} h5 {[%clk 0:15:10]} 22. Ne4 {[%clk 0:09:50]} Ba3
{[%clk 0:12:37]} 23. Qf6 {[%clk 0:05:41]} Ra6 {[%clk 0:12:47]} 24. Qg5
{[%clk 0:06:01]} Kg7 {[%clk 0:12:50]} 25. c5 {[%clk 0:04:48]} f6 {[%clk 0:10:39]}
26. Qd2 {[%clk 0:05:15]} f5 {[%clk 0:07:15]} 27. Nd6 {[%clk 0:02:31]} Bxc5
{[%clk 0:06:59]} 28. Nxc8 {[%clk 0:01:16]} Qxc8 {[%clk 0:07:28]} 29. Qc1
{[%clk 0:00:40]} b6 {[%clk 0:07:29]} 30. a3 {[%clk 0:01:03]} Qd7 {[%clk 0:01:53]}
31. Bc4 {[%clk 0:00:59]} Qa7 {[%clk 0:00:42]} 32. Rb1 {[%clk 0:00:41]} Rc7
{[%clk 0:00:54]} 33. b4 {[%clk 0:00:33]} axb4 {[%clk 0:01:20]} 34. axb4
{[%clk 0:01:00]} Bd6 {[%clk 0:01:40]} 35. Qe1 {[%clk 0:00:43]} e4 36. Rd5 b5
{[%clk 0:00:59]} 37. Bxb5 {[%clk 0:01:38]} Rb6 {[%clk 0:00:50]} 38. dxe4
{[%clk 0:01:58]} Re7 {[%clk 0:00:51]} 39. e5 {[%clk 0:00:38]} Qb7
{[%clk 0:01:09]} 40. Rxd4 {[%clk 0:30:38]} Bxe5 {[%clk 0:31:16]} 41. Rd7
{[%clk 0:27:29]} Rxd7 {[%clk 0:24:59]} 42. Qxe5+ {[%clk 0:27:52]} Kh7
{[%clk 0:25:17]} 43. Bxd7 {[%clk 0:27:03]} Qxd7 {[%clk 0:25:43]} 44. b5
{[%clk 0:23:19]} f4 {[%clk 0:24:34]} 45. Qc5 {[%clk 0:14:23]} Rb7
{[%clk 0:23:44]} 46. Qe5 {[%clk 0:05:59]} fxg3 {[%clk 0:22:12]} 47. fxg3
{[%clk 0:06:17]} Rb6 {[%clk 0:20:35]} 48. Rb2 {[%clk 0:06:22]} Re6
{[%clk 0:19:26]} 49. Qc3 {[%clk 0:00:55]} Qd1+ {[%clk 0:19:05]} 50. Kf2
{[%clk 0:01:21]} Re7 {[%clk 0:18:26]} 51. Qc4 {[%clk 0:00:54]} Qh1
{[%clk 0:17:52]} 52. Re2 {[%clk 0:00:41]} Qh2+ {[%clk 0:17:09]} 53. Kf1
{[%clk 0:01:08]} Qh1+ {[%clk 0:16:48]} 54. Kf2 {[%clk 0:01:37]} Qh2+
{[%clk 0:17:13]} 55. Kf3 {[%clk 0:00:38]} Qh1+ {[%clk 0:17:22]} 56. Kf2
{[%clk 0:00:48]} Qh2+ {[%clk 0:17:38]} 57. Kf1 {[%clk 0:01:03]} Qh1+
{[%clk 0:17:25]} 1/2-1/2

[Event "High League 2022 women"]
[Site "Obninsk"]
[Date "2022.07.05"]
[Round "9.5"]
[White "Guseva, Marina"]
[Black "Filippova, Margarita"]
[Result "1-0"]
[LiveChessVersion "1.4.7"]
[BlackElo "1955"]
[WhiteElo "2377"]

1. d4 {[%clk 1:30:58]} Nf6 {[%clk 1:30:56]} 2. c4 {[%clk 1:31:22]} e6
{[%clk 1:31:23]} 3. Nf3 {[%clk 1:31:48]} d5 {[%clk 1:31:50]} 4. g3
{[%clk 1:32:13]} Be7 {[%clk 1:32:16]} 5. Bg2 {[%clk 1:32:38]} O-O
{[%clk 1:32:42]} 6. O-O {[%clk 1:33:02]} dxc4 {[%clk 1:33:08]} 7. Ne5
{[%clk 1:33:27]} Nc6 {[%clk 1:33:34]} 8. Nxc6 {[%clk 1:32:51]} bxc6
{[%clk 1:34:00]} 9. Na3 {[%clk 1:33:16]} Bxa3 {[%clk 1:31:36]} 10. bxa3
{[%clk 1:33:42]} Rb8 {[%clk 1:31:56]} 11. Qa4 {[%clk 1:30:27]} Qxd4
{[%clk 1:13:21]} 12. Be3 {[%clk 1:30:41]} Qb2 {[%clk 1:07:49]} 13. Qxc4
{[%clk 1:19:13]} Qb5 {[%clk 1:00:50]} 14. Qc2 {[%clk 1:18:47]} Qa5
{[%clk 0:57:56]} 15. Rfd1 {[%clk 1:14:26]} Nd5 {[%clk 0:53:30]} 16. Bc5
{[%clk 1:13:37]} Re8 {[%clk 0:53:15]} 17. Rac1 {[%clk 1:13:31]} Ba6
{[%clk 0:42:38]} 18. e4 {[%clk 1:12:37]} Nb6 {[%clk 0:40:47]} 19. Bb4
{[%clk 1:10:43]} Qh5 {[%clk 0:37:46]} 20. Qxc6 {[%clk 1:07:03]} Rec8
{[%clk 0:31:37]} 21. h3 {[%clk 0:49:09]} Bb7 {[%clk 0:28:29]} 22. Qc2
{[%clk 0:49:31]} Qb5 {[%clk 0:24:54]} 23. Bc5 {[%clk 0:45:14]} h6
{[%clk 0:23:54]} 24. Rb1 {[%clk 0:40:12]} Qc6 {[%clk 0:23:15]} 25. Rdc1
{[%clk 0:40:28]} Qd7 {[%clk 0:23:08]} 26. Qb3 {[%clk 0:37:44]} Ba6
{[%clk 0:21:27]} 27. Qf3 {[%clk 0:32:04]} Qd2 {[%clk 0:19:35]} 28. Qb3
{[%clk 0:18:48]} Qd8 {[%clk 0:15:55]} 29. Rd1 {[%clk 0:18:24]} Qe8
{[%clk 0:16:21]} 30. Qc2 {[%clk 0:16:20]} Bb5 {[%clk 0:15:15]} 31. Rdc1
{[%clk 0:14:12]} Qd7 {[%clk 0:13:47]} 32. Rb4 {[%clk 0:14:00]} a5
{[%clk 0:10:40]} 33. Rd4 {[%clk 0:14:18]} Qe8 {[%clk 0:11:04]} 34. e5
{[%clk 0:13:30]} Nd5 {[%clk 0:07:15]} 35. Qd2 {[%clk 0:13:04]} a4
{[%clk 0:06:54]} 36. Rg4 {[%clk 0:13:14]} Kh8 {[%clk 0:07:00]} 37. Rh4
{[%clk 0:13:30]} Rd8 {[%clk 0:04:38]} 38. Qa5 {[%clk 0:02:21]} c6
{[%clk 0:02:24]} 39. Bd6 {[%clk 0:02:16]} Rb7 {[%clk 0:02:15]} 40. Qe1
{[%clk 0:31:36]} Ne7 {[%clk 0:31:14]} 41. Rb4 {[%clk 0:31:02]} Nf5
{[%clk 0:27:38]} 42. Rxb5 {[%clk 0:28:41]} 1-0

[Event "High League 2022 women"]
[Site "Obninsk"]
[Date "2022.07.05"]
[Round "9.6"]
[White "Gritsayeva, Oksana"]
[Black "Kovalevskaya, Ekaterina"]
[Result "1/2-1/2"]
[LiveChessVersion "1.4.7"]
[BlackElo "2364"]
[WhiteElo "2309"]

1. e4 {[%clk 1:30:59]} c5 {[%clk 1:30:51]} 2. Nf3 {[%clk 1:31:23]} Nc6
{[%clk 1:31:09]} 3. Bb5 {[%clk 1:31:46]} d6 {[%clk 1:30:50]} 4. Bxc6+
{[%clk 1:30:46]} bxc6 {[%clk 1:31:16]} 5. O-O {[%clk 1:31:10]} e5
{[%clk 1:28:40]} 6. c3 {[%clk 1:29:56]} f5 {[%clk 1:29:00]} 7. exf5
{[%clk 1:29:24]} Be7 {[%clk 1:26:44]} 8. d4 {[%clk 1:19:05]} e4 {[%clk 1:23:09]}
9. Nfd2 {[%clk 1:14:50]} Nf6 {[%clk 1:13:39]} 10. f3 {[%clk 1:04:09]} e3
{[%clk 1:06:45]} 11. Ne4 {[%clk 1:02:58]} Ba6 {[%clk 1:00:59]} 12. Re1
{[%clk 1:02:55]} e2 {[%clk 0:58:42]} 13. Qa4 {[%clk 0:52:18]} Bb5
{[%clk 0:56:00]} 14. Qc2 {[%clk 0:52:30]} cxd4 {[%clk 0:37:49]} 15. Nxf6+
{[%clk 0:47:45]} Bxf6 {[%clk 0:34:03]} 16. c4 {[%clk 0:47:36]} Ba6
{[%clk 0:27:45]} 17. Qxe2+ {[%clk 0:47:47]} Kd7 {[%clk 0:22:35]} 18. Qe6+
{[%clk 0:44:37]} Kc7 {[%clk 0:23:04]} 19. Bd2 {[%clk 0:38:49]} Kb7
{[%clk 0:17:50]} 20. Bf4 {[%clk 0:34:32]} Re8 {[%clk 0:11:21]} 21. Qf7+
{[%clk 0:33:44]} Qc7 {[%clk 0:09:44]} 22. Qxc7+ {[%clk 0:32:57]} Kxc7
{[%clk 0:10:13]} 23. Nd2 {[%clk 0:32:45]} d3 {[%clk 0:09:02]} 24. Rab1
{[%clk 0:24:08]} Kd7 {[%clk 0:07:33]} 25. b3 {[%clk 0:23:30]} d5 {[%clk 0:07:38]}
26. Kf1 {[%clk 0:19:37]} Bc3 {[%clk 0:05:05]} 27. cxd5 {[%clk 0:14:40]} cxd5
{[%clk 0:05:33]} 28. Rbc1 {[%clk 0:12:32]} Rxe1+ {[%clk 0:01:08]} 29. Rxe1
{[%clk 0:12:11]} Rc8 {[%clk 0:01:21]} 30. Re6 {[%clk 0:11:29]} Bxd2
{[%clk 0:00:57]} 31. Bxd2 {[%clk 0:11:53]} Rc2 {[%clk 0:00:41]} 32. Rxa6
{[%clk 0:11:43]} Rxd2 {[%clk 0:01:08]} 33. Ke1 {[%clk 0:06:29]} Rxg2
{[%clk 0:01:22]} 34. h4 {[%clk 0:06:29]} Kc7 {[%clk 0:00:34]} 35. a3
{[%clk 0:05:22]} Re2+ {[%clk 0:00:37]} 36. Kd1 {[%clk 0:05:44]} Rf2
{[%clk 0:01:01]} 37. f6 {[%clk 0:05:14]} gxf6 {[%clk 0:01:29]} 38. Rxf6
{[%clk 0:05:38]} h5 {[%clk 0:01:48]} 39. Rh6 {[%clk 0:04:49]} Rxf3
{[%clk 0:02:03]} 40. Rxh5 {[%clk 0:34:11]} Kd6 {[%clk 0:31:25]} 41. Kd2
{[%clk 0:33:59]} Kc5 {[%clk 0:27:36]} 42. Rg5 {[%clk 0:33:40]} Rf4
{[%clk 0:15:31]} 43. Kxd3 {[%clk 0:32:49]} 1/2-1/2

[Event "High League 2022 women"]
[Site "Obninsk"]
[Date "2022.07.05"]
[Round "9.7"]
[White "Zhapova, Yana"]
[Black "Kovanova, Baira"]
[Result "1-0"]
[LiveChessVersion "1.4.7"]
[BlackElo "2317"]
[WhiteElo "2204"]

1. e4 {[%clk 1:30:57]} c5 {[%clk 1:30:56]} 2. Nf3 {[%clk 1:31:19]} Nc6
{[%clk 1:31:21]} 3. d4 {[%clk 1:31:30]} cxd4 {[%clk 1:31:47]} 4. Nxd4
{[%clk 1:31:50]} Nf6 {[%clk 1:32:14]} 5. Nc3 {[%clk 1:31:50]} e5 {[%clk 1:32:26]}
6. Ndb5 {[%clk 1:32:12]} d6 {[%clk 1:32:38]} 7. Bg5 {[%clk 1:32:26]} a6
{[%clk 1:32:55]} 8. Na3 {[%clk 1:32:48]} b5 {[%clk 1:33:20]} 9. Nab1
{[%clk 1:30:19]} Be7 {[%clk 1:32:08]} 10. Bxf6 {[%clk 1:29:24]} Bxf6
{[%clk 1:32:25]} 11. a4 {[%clk 1:29:42]} b4 {[%clk 1:30:08]} 12. Nd5
{[%clk 1:30:00]} O-O {[%clk 1:29:05]} 13. Bc4 {[%clk 1:28:25]} Be6
{[%clk 1:27:32]} 14. O-O {[%clk 1:28:15]} Bg5 {[%clk 1:27:24]} 15. c3
{[%clk 1:24:11]} bxc3 {[%clk 1:23:52]} 16. Nbxc3 {[%clk 1:24:28]} Kh8
{[%clk 1:23:45]} 17. Qd3 {[%clk 1:20:33]} f5 {[%clk 1:17:14]} 18. f3
{[%clk 1:16:28]} Nd4 {[%clk 1:07:19]} 19. b4 {[%clk 1:11:55]} a5 {[%clk 1:04:39]}
20. b5 {[%clk 1:11:07]} Rb8 {[%clk 1:00:58]} 21. Kh1 {[%clk 1:10:00]} Qd7
{[%clk 0:57:13]} 22. Rab1 {[%clk 1:06:18]} Qf7 {[%clk 0:51:12]} 23. b6
{[%clk 0:43:39]} Qh5 {[%clk 0:48:31]} 24. Ne2 {[%clk 0:40:59]} Bxd5
{[%clk 0:36:31]} 25. Bxd5 {[%clk 0:39:32]} Nxe2 {[%clk 0:34:15]} 26. Qxe2
{[%clk 0:39:42]} fxe4 {[%clk 0:30:45]} 27. Bxe4 {[%clk 0:39:35]} Bf4
{[%clk 0:28:58]} 28. g4 {[%clk 0:37:27]} Qh4 {[%clk 0:25:55]} 29. b7
{[%clk 0:37:17]} Rf7 {[%clk 0:23:10]} 30. Rfd1 {[%clk 0:30:29]} Qd8
{[%clk 0:20:55]} 31. Rb2 {[%clk 0:30:21]} Rd7 {[%clk 0:19:46]} 32. Rc2
{[%clk 0:28:01]} g6 {[%clk 0:15:41]} 33. Qa6 {[%clk 0:24:12]} Kg7
{[%clk 0:12:40]} 34. Bd5 {[%clk 0:20:32]} Rc7 {[%clk 0:11:48]} 35. Rxc7+
{[%clk 0:20:19]} Qxc7 {[%clk 0:12:16]} 36. Qc6 {[%clk 0:20:04]} Qe7
{[%clk 0:11:07]} 37. Rb1 {[%clk 0:15:38]} e4 {[%clk 0:09:03]} 38. fxe4
{[%clk 0:11:45]} Qh4 {[%clk 0:09:10]} 39. Qc7+ {[%clk 0:10:39]} Kh6
{[%clk 0:05:23]} 40. g5+ {[%clk 0:40:26]} Qxg5 {[%clk 0:35:30]} 41. Qxb8
{[%clk 0:40:16]} Qh4 {[%clk 0:34:49]} 42. Qf8+ {[%clk 0:40:27]} Kh5
{[%clk 0:35:17]} 43. Qxf4 {[%clk 0:40:35]} Qxf4 {[%clk 0:35:45]} 44. e5
{[%clk 0:40:50]} 1-0